Bytový dom

Saved in:
Bibliographic Details
Main Author: Paldanová, Simona (Author)
Other Authors: Vavrovič, Boris (Thesis advisor)
Format: Manuscript Book
Language:Slovak
Published: 2016
Subjects:
Online Access:http://is.stuba.sk/zp/portal_zp.pl?podrobnosti=98685
https://opac.crzp.sk/?fn=detailBiblioForm&sid=427371B0090519B80441D121842E
Tags: Add Tag
No Tags, Be the first to tag this record!

MARC

LEADER 00000ntm a22000003a 4500
001 stuzp56177
003 SK-STU
005 20230627110646.3
007 ta
008 150427s2015----xo-----f-mn---000-0-slo-d
040 |a STU  |b slo 
041 0 |a slo 
100 1 |a Paldanová, Simona  |u 010180  |4 aut  |U SvF Stavebná fakulta  |T SvF Katedra konštrukcií pozemných stavieb  |X 54733  |U V180  |Y 18  |7 54733 
242 0 1 |a Block of flats  |y eng 
245 1 0 |a Bytový dom 
260 |c 2016 
650 4 |a Kaviareň  |2 slo 
650 4 |a Drevená pergola  |2 slo 
650 4 |a Bratislava  |2 slo 
650 4 |a Bratislava  |2 eng 
650 4 |a coffee bar  |2 eng 
650 4 |a wooden shelter  |2 eng 
700 1 |a Vavrovič, Boris  |u 010180  |k Z1  |4 ths  |U SvF Stavebná fakulta  |T SvF Katedra konštrukcií pozemných stavieb  |X 619  |U V180  |Y 18  |7 A000000619 
856 4 |u http://is.stuba.sk/zp/portal_zp.pl?podrobnosti=98685 
856 4 |u https://opac.crzp.sk/?fn=detailBiblioForm&sid=427371B0090519B80441D121842E 
SQL |a stuzp56177  |b DBP  |c SLO  |d Bytový dom  |e 54733  |f Paldanová, Simona  |g 010180  |h 619  |i Vavrovič, Boris  |j 20160621  |k 4  |l 01  |m http://is.stuba.sk/zp/portal_zp.pl?podrobnosti=98685  |n B-PSA  |o 5.1.4. pozemné stavby, 5.1.1. architektúra a urbanizmus